000 00630nam a2200181Ia 4500
003 GCL
008 140319s9999 xx 000 0 ara d
040 _aGCL /
_cGCL
082 0 4 _a631.6
_bم ن
100 1 _aالمجلس الاعلى للثقافة
245 1 0 _aندوة تعمير الصحارى المصرية تجارب الماض وافاق المستقبل /
_cالمجلس الاعلى للثقافة
300 _a525 ص
490 _aالمجلس الاعلى للثقافة
_v0
650 0 4 _aالصحارى
650 0 4 _aتعمير الاراضى
650 0 4 _aاصلاح الاراضى - مصر
942 _2ddc
_cBK
999 _c52183
_d52183